What's It Stand For? TV Edition Quiz Stats

Quiz Updated Apr 5, 2016

Challenge
Share
Tweet
Embed
Score 0/93 Timer 10:00
7 Plays Today
TV Network Words in Initialisms % Correct
MTVTele-
96.4%
HGTVTele-
96.4%
CNNNetwork
95.7%
GSNNetwork
95.7%
HSNNetwork
95.7%
TNTNetwork
95.7%
UPNNetwork
95.7%
ESPNNetwork
95.7%
C-SPANNetwork
95.7%
MTVVision
94.9%
HGTVVision
94.9%
CMTMusic
94.8%
MTVMusic
94.8%
ABCAmerican
94.6%
AMCAmerican
94.6%
FNCChannel
93.4%
NGCChannel
93.4%
TLCChannel
93.4%
TWCChannel
93.4%
CNBCChannel
93.4%
A&EEntertainment
92.8%
BETEntertainment
92.8%
ESPNEntertainment
92.7%
ABCBroadcasting
91.9%
CBSBroadcasting
91.9%
NBCBroadcasting
91.9%
PBSBroadcasting
91.9%
TBSBroadcasting
91.9%
MSNBCBroadcasting
91.9%
ESPNSports
90.8%
BETTelevision
90%
TV Network Words in Initialisms % Correct
CMTTelevision
90%
TNTTelevision
90%
CNNNews
88.5%
FNCNews
88.5%
CNBCNews and
88.5%
HBOHome
88.1%
HSNHome
88.1%
HGTVHome and
88.1%
NBCNational
84.8%
NGCNational
84.8%
MSNBCNational
84.8%
AMCMovie
83.7%
CMTCountry
83.5%
The WBWarner
82.9%
The WBBrothers
82.2%
PBSPublic
81.7%
C-SPANPublic
81.7%
TLCThe
79.9%
TWCThe
79.9%
HGTVGarden
79.7%
BETBlack
79.5%
FXFox
78.7%
FNCFox
78.7%
ABCCompany
76.2%
NBCCompany
76.2%
MSNBCCompany
76.2%
TBSTurner
75.5%
TCMTurner
75.5%
TNTTurner
75.5%
TCMClassic
70.5%
HSNShopping
69.3%
TV Network Words in Initialisms % Correct
TCMMovies
68.4%
TLCLearning
68.2%
HBOOffice
66.6%
HBOBox
66.5%
GSNGame
66%
A&EArts and
65.8%
GSNShow
64.9%
CBSSystem
64.2%
TBSSystem
64.2%
TWCWeather
56.9%
NGCGeographic
53.7%
QVCQuality,
44.4%
PBSService
43.6%
CNNCable
42.7%
C-SPANCable-
42.7%
AMCClassics
42.2%
UPNUnited
37.5%
MSNBCMicro-
35.7%
ESPNProgramming
35.5%
MSNBCSoft
35.3%
QVCValue, and
33.7%
CNBCBusiness
28.4%
CBSColumbia
26.8%
QVCConvenience
10.8%
UPNParamount
10.8%
The CWWB
9.9%
The CWCBS
9.6%
C-SPANSatellite
9.2%
CNBCConsumer
7.5%
FXeXtended
7.2%
C-SPANAffairs
6.3%

You're not logged in!

Compare scores with friends on all Sporcle quizzes.
Sign Up with Email
OR
Log In

You Might Also Like...

Show Comments

Extras

Top Quizzes Today


Score Distribution

Your Account Isn't Verified!

In order to create a playlist on Sporcle, you need to verify the email address you used during registration. Go to your Sporcle Settings to finish the process.